01311nam a2200253 i 4500003000900000005001700009007000300026008004100029020001800070040003000088082002300118100004400141245007900185264005100264300006000315336002700375337003400402338002800436500007000464520044400534650002400978650002601002700002901028DO-SdBNP20240710140423.0ta240627s2024 dr o 000 j spa d a9789945938654 aDO-SdBNPbspacBNPHUerda 4aRD861.5bC146s2221 aCalderón Soto, Eusebiod1974-eautor 10aSuspiros de un poeta /cEusebio Calderón Soto ; editor, Rodolfo Báez. 1aSanto Domingo :b‎El Gato Edicionesc©2024. a130 páginas :bilustraciones, fotografías ;c19 cm. 2rdacontentatextobtxt 2rdamediaasin mediación bn 2rdacarrieravolumenbnc aIncluye datos biográficos del autor en la solapa de la cubierta aSuspiros de un poeta nos invita a explorar la sublime conexión entre la naturaleza y la esencia humana. En estas páginas, el autor nos sumerge en un viaje poético donde la lectura y la escritura actúan como puentes hacia la belleza intrínseca de la vida. A través de sus suspiros, el poeta revela paisajes emocionales que despiertan la imaginación y nos invitan a contemplar la grandiosidad y la fragilidad de nuestro mundo.  4aPoesía dominicana 4aLiteratura dominicana1 aBáez, Rodolfo,eeditor